000 00485cam a22002054a 4500
005 20250605164324.0
008 250528s ||||||||||||||||||||||||d
035 _a22966
020 _a9780077092245
040 _aGR-AtMCL
_bgre
_dGR-AtMCL
_eAACR2
245 1 _aSoftware System Development
250 _a2
260 _bMcgraw Hill,
_c1996
300 _a278
700 1 _aBritton Carol
_91524
700 1 _aDoake Jill
_91525
942 _cBK
999 _c8008
_d8008